<?xml version="1.0" encoding="UTF-8"?>
<collection xmlns="http://www.loc.gov/MARC21/slim">
 <record>
  <leader>01481nam a2200169Ia 4500</leader>
  <controlfield tag="001">CTU_14551</controlfield>
  <controlfield tag="008">210402s9999    xx            000 0 und d</controlfield>
  <datafield tag="082" ind1=" " ind2=" ">
   <subfield code="a">624.2</subfield>
  </datafield>
  <datafield tag="082" ind1=" " ind2=" ">
   <subfield code="b">V305</subfield>
  </datafield>
  <datafield tag="245" ind1=" " ind2="0">
   <subfield code="a">Kĩ thuật làm cầu cống nông thôn</subfield>
  </datafield>
  <datafield tag="260" ind1=" " ind2=" ">
   <subfield code="a">Hà Nội</subfield>
  </datafield>
  <datafield tag="260" ind1=" " ind2=" ">
   <subfield code="b">KHKT</subfield>
  </datafield>
  <datafield tag="260" ind1=" " ind2=" ">
   <subfield code="c">1972</subfield>
  </datafield>
  <datafield tag="520" ind1=" " ind2=" ">
   <subfield code="a">Quyển sách này được biên soạn nhằm phục vụ nhằm phục vụ phong trào phát triển giao thông nông thôn trong việc xây dựng cầu, đảm bảo về mặt kĩ thuật, kinh tế và giao thông-thủy lợi. Đây là những kinh nghiệm được đúc kết qua thực tiễn phối hợp nghiên cứu giữa Viện Kĩ thuật Giao thông với các Sở Giao thông vận tải các tỉnh Đồng bằng và Miền núi Bắc bộ. Những kinh nghiệm này đều có cơ sở khoa học và đã được kiểm chứng qua hàng ngàn cầu cống nông thôn.     Sách hướng dẫn làm các loại cầu bằng vật liệu địa phương và các loại cầu bêtông cốt thép, có thể cho phép ứng dụng tùy theo địa hình và điều kiện của từng địa phương.</subfield>
  </datafield>
  <datafield tag="650" ind1=" " ind2=" ">
   <subfield code="a">bridges - design and construction</subfield>
  </datafield>
  <datafield tag="904" ind1=" " ind2=" ">
   <subfield code="i">Nguyễn Quang Điền, 970106</subfield>
  </datafield>
  <datafield tag="980" ind1=" " ind2=" ">
   <subfield code="a">Trung tâm Học liệu Trường Đại học Cần Thơ</subfield>
  </datafield>
 </record>
</collection>
